| 000 | 01244nam0a22003251 4500 | ||
|---|---|---|---|
| 001 | rc\2261657 | ||
| 005 | 20110826163229.8 | ||
| 035 | _a(NLR Aleph) 006541053 | ||
| 090 |
_a6636905 _c6636905 |
||
| 100 | _a20110826d1978 |||y0rusy50 ca | ||
| 101 | 0 | _arus | |
| 102 | _aRU | ||
| 105 | _ay z ||||| | ||
| 200 | 1 |
_aНаучно-технический прогресс в сельском хозяйстве _fН.Г. Нагиев, Ч.Р. Юзбашев, Н.И. Беляков |
|
| 210 |
_aБаку _cБ. и. _d1978 |
||
| 215 |
_a45 с. _d20 |
||
| 225 | 1 |
_aВ помощь лектору _fО-во "Знание" АзССР |
|
| 320 | _aБиблиогр. в конце кн. (18 назв.) | ||
| 606 |
_aСельское хозяйство _jматериалы для докладов, лекций и т. п. _yАзССР _2psbo |
||
| 686 |
_aУ9(2)320-55,0 _2rubbk |
||
| 700 | 1 |
_aНагиев _bН. Г. оглы _gНаги Гады оглы |
|
| 701 | 1 |
_aБеляков _bН. И. _gНиколай Иванович |
|
| 701 | 1 |
_aЮзбашев _bЧ. Р. |
|
| 801 | 0 |
_aRU _bNLR _gpsbo |
|
| 801 | 1 |
_aRU _bELAR _2rusmarc |
|
| 852 |
_aNLR _j78-4/26645 |
||
| 899 |
_aRuMoRGB _jM 78-12/2446 |
||
| 899 |
_aRuMoRGB _jM 78-12/2447 |
||
| 942 | _cBOOK | ||
| 980 | _aNB | ||